| 000 | 00587nam a2200169 i 4500 | ||
|---|---|---|---|
| 001 | 94632 | ||
| 003 | ES-MaACL | ||
| 005 | 20230906181526.0 | ||
| 007 | t| | ||
| 008 | 050511s1920 fr ||||1| fre d | ||
| 100 | 1 |
_aLoris-Melicof, Jean. _974226 |
|
| 245 | 1 | 3 |
_aLa revolution russe et les nouvelles républiques trascaucasiennes _b: bolchevisme & antibolchevisme / _cpar le Dr. Jean Loris-Melicof; preface de M. Albert Thomas. |
| 260 |
_aParis : _b[s.n.], _c1920 ( _fJean Rabilloud) |
||
| 300 |
_aXVI, 211 p. ; _c23 cm. |
||
| 700 | 0 |
_aThomas, Albert. _9109994 |
|
| 852 |
_aES-MaACL _jF-9213 |
||
| 999 |
_c94632 _d94632 |
||